000
00218 a2200097 4500
001
43136
100
_a
Atkins, J.W
245
_a
Literary criticism in antiquity
260
_a
London
_b
Methuen
_c
090
_c
26982
_d
26982
942
_a
NUST-CAE
_c
M
_c
18871
999
_c
278209
_d
278209